El caballo y la bicicleta / (Registro nro. 4259)
[ vista simple ]
| 000 -LEADER | |
|---|---|
| fixed length control field | 00971nam a2200289Ia 4500 |
| 003 - CONTROL NUMBER IDENTIFIER | |
| control field | OSt |
| 005 - DATE AND TIME OF LATEST TRANSACTION | |
| control field | 20200605141642.0 |
| 008 - FIXED-LENGTH DATA ELEMENTS--GENERAL INFORMATION | |
| fixed length control field | 191128s9999 xx 000 0 und d |
| 020 ## - INTERNATIONAL STANDARD BOOK NUMBER | |
| International Standard Book Number | 9789587241013 |
| 040 ## - CATALOGING SOURCE | |
| Original cataloging agency | CO-JMCR |
| Transcribing agency | CO-JMCR |
| 041 ## - LANGUAGE CODE | |
| Language code of text/sound track or separate title | spa |
| 082 ## - DEWEY DECIMAL CLASSIFICATION NUMBER | |
| Classification number | C / |
| Item number | TOBc |
| 100 ## - MAIN ENTRY--PERSONAL NAME | |
| Personal name | Tobón, Aníbal, autor |
| 9 (RLIN) | 5033 |
| 245 #0 - TITLE STATEMENT | |
| Title | El caballo y la bicicleta / |
| 245 #0 - TITLE STATEMENT | |
| Statement of responsibility, etc. | Aníbal Tobón |
| 260 ## - PUBLICATION, DISTRIBUTION, ETC. | |
| Place of publication, distribution, etc. | Bogotá |
| 260 ## - PUBLICATION, DISTRIBUTION, ETC. | |
| Name of publisher, distributor, etc. | Libros & libros |
| 260 ## - PUBLICATION, DISTRIBUTION, ETC. | |
| Date of publication, distribution, etc. | 2010 |
| 300 ## - PHYSICAL DESCRIPTION | |
| Extent | 40 páginas |
| 300 ## - PHYSICAL DESCRIPTION | |
| Other physical details | ilustraciones a color |
| 300 ## - PHYSICAL DESCRIPTION | |
| Dimensions | 21 cm. |
| 490 ## - SERIES STATEMENT | |
| Series statement | Fantasía |
| 500 ## - GENERAL NOTE | |
| General note | Recomendado a partir de los 4 años. |
| 520 ## - SUMMARY, ETC. | |
| Summary, etc. | El caballo y la bicicleta es un cuento que dibuja la fantasía, la poesía y el color de la alegría, la belleza de la existencia. Se trata de la historia de amor entre una bicicleta y un caballo en la que prevalecen los sentimientos por encima de las aparie |
| 650 ## - SUBJECT ADDED ENTRY--TOPICAL TERM | |
| Topical term or geographic name entry element | Cuentos infantiles |
| 9 (RLIN) | 5034 |
| 942 ## - ADDED ENTRY ELEMENTS (KOHA) | |
| Source of classification or shelving scheme | Dewey Decimal Classification |
| Koha item type | Books |
| Withdrawn status | Lost status | Source of classification or shelving scheme | Damaged status | Not for loan | Collection code | Home library | Current library | Date acquired | Source of acquisition | Cost, normal purchase price | Total Checkouts | Total Renewals | Full call number | Barcode | Date last seen | Date last checked out | Copy number | Koha item type |
|---|---|---|---|---|---|---|---|---|---|---|---|---|---|---|---|---|---|---|
| Dewey Decimal Classification | Fiction | Biblioteca Pública José María del Castillo y Rada | Biblioteca Pública José María del Castillo y Rada | 11/28/2019 | Donación | 0.00 | 10 | 5 | C / TOBc | 201809090 | 02/13/2026 | 02/13/2026 | Ej.1 | Books |